Normal view
MARC view
Entry Nombre de reunión
001 - NÚMERO DE CONTROL
- campo de control: 46572
003 - IDENTIFICADOR DEL NÚMERO DE CONTROL
- campo de control: OSt
005 - FECHA Y HORA DE LA ÚLTIMA TRANSACCIÓN
- campo de control: 20200615034138.0
008 - DATOS DE LONGITUD FIJA
- campo de control de longitud fija: 200615|| aca||aabn | a|a d
040 ## - FUENTE DE LA CATALOGACIÓN
- Centro catalogador/agencia de origen: OSt
- Centro/agencia transcriptor: OSt
111 ## - ENCABEZAMIENTO--NOMBRE DE CONGRESO/REUNIÓN
- Nombre de congreso/reunión o jurisdicción como elemento de entrada: Seminario regional "Culturas aborígenes del Caribe"
- Número del congreso/reunión o número de parte o sección: (1:
- Fecha del congreso/reunión: 1998 : nov. 12-13,
- Sede del congreso/Lugar de la reunión: Santo Domingo, Republica Dominicana )
670 ## - FUENTE DE DATOS ENCONTRADOS
- Cita de la fuente: Work cat.: (OSt)22128: Seminario regional "Culturas aborígenes del Caribe" (1: 1998 : nov. 12-13, Santo Domingo, Republica Dominicana ), Culturas aborígenes del Caribe :, 2001.
